|
|
|
|
| LEADER |
00000nam0a2200000 4500 |
| 001 |
64292 |
| 005 |
20231031065532.0 |
| 010 |
|
|
|a 5832104501
|
| 035 |
|
|
|a (RuTPU)RU\TPU\book\68234
|
| 090 |
|
|
|a 64292
|
| 100 |
|
|
|a 20040528d2003 m y0rusy50 ca
|
| 101 |
0 |
|
|a rus
|
| 102 |
|
|
|a RU
|
| 105 |
|
|
|a a j 001zy
|
| 200 |
1 |
|
|a Adobe Illustrator 10. Учебное пособие по созданию публикаций для печати и Internet
|e учебное пособие для вузов
|f Б. К. Леонтьев, А. С. Лясин, Э. В. Коровченко
|
| 210 |
|
|
|a Москва
|c Познавательная книга плюс
|d 2003
|
| 215 |
|
|
|a 303 с.
|c ил.
|
| 225 |
1 |
|
|a Библиотека учебной литературы пользователя персонального компьютера
|
| 300 |
|
|
|a Авторы указаны на обороте тит. листа
|
| 320 |
|
|
|a Библиогр.: с. 298
|
| 610 |
1 |
|
|a программы
|
| 610 |
1 |
|
|a использование
|
| 610 |
1 |
|
|a возможности
|
| 610 |
1 |
|
|a публикации
|
| 610 |
1 |
|
|a создание
|
| 610 |
1 |
|
|a Adobe Illustrator
|
| 610 |
1 |
|
|a учебные пособия
|
| 675 |
|
|
|a 681.327.1(075.8)
|v 3
|
| 701 |
|
1 |
|a Леонтьев
|b Б. К.
|g Борис Константинович
|
| 701 |
|
1 |
|a Лясин
|b А. С.
|g Алексей Семенович
|
| 701 |
|
1 |
|a Коровченко
|b Э. В.
|g Эдуард Васильевич
|
| 801 |
|
1 |
|a RU
|b 63413507
|c 20040528
|g PSBO
|
| 801 |
|
2 |
|a RU
|b 63413507
|c 20120706
|g PSBO
|
| 900 |
|
|
|a Internet технологии
|
| 942 |
|
|
|c BK
|